Sports Quiz

Random Sports or Basketball Quiz
Score 0/15 Timer 04:00
0 Plays Today
Order Player % Correct
3.Lebron James
100%
1.Kevin Durant
97.6%
2.Kobe Bryant
92.9%
6.Carmelo Anthony
92.9%
5.Russell Westbrook
90.5%
13.Chris Paul
90.5%
4.Kevin Love
83.3%
9.Deron Williams
83.3%
Order Player % Correct
10.Blake Griffin
81%
8.Dirk Nowitzki
76.2%
11.Monta Ellis
71.4%
14.Paul Pierce
64.3%
7.LaMarcus Aldridge
52.4%
12.David Lee
33.3%
15.Al Jefferson
33.3%
Remove Ads.
Support Sporcle.
Get the best of Sporcle when you Go Orange. This ad-free experience offers more features, more stats, and more fun while also helping to support Sporcle. Thank you for becoming a member.

You're not logged in!

Compare scores with friends on all Sporcle quizzes.
OR
Log In

Show Comments

Extras

Top Quizzes Today


Score Distribution

Your Account Isn't Verified!

In order to create a playlist on Sporcle, you need to verify the email address you used during registration. Go to your Sporcle Settings to finish the process.

Report this User

Report this user for behavior that violates our Community Guidelines.

Details: